Plus ou Moins ? - Statistiques

Statistiques générales
  • Ce quiz a été pris 77 fois
  • Le résultat moyen est 43 sur 100
Statistiques - réponses
Hint Réponse % Correct
4 C'est plus !
97%
2 C'est plus !
96%
40 C'est plus !
87%
0 C'est moins !
85%
1 C'est plus !
84%
9 C'est plus !
82%
1 C'est moins !
81%
1 C'est plus !
81%
3848 C'est plus !
81%
34 C'est plus !
81%
430 C'est plus !
81%
-2 C'est moins !
79%
38,9 C'est plus !
79%
-292 C'est moins !
78%
26 C'est plus !
78%
382 C'est plus !
78%
3949 C'est plus !
78%
1000 C'est plus !
76%
5849 C'est plus !
76%
3 C'est moins !
75%
-500 C'est moins !
75%
28392020 C'est plus !
75%
12 C'est moins !
72%
-1 C'est moins !
72%
-48583 C'est moins !
72%
484 C'est plus !
72%
0 C'est moins !
70%
93 C'est moins !
69%
-26 C'est moins !
69%
28 C'est moins !
67%
900 C'est plus !
67%
17 C'est moins !
66%
-899 C'est moins !
66%
60 C'est plus !
66%
28 C'est moins !
64%
37 C'est plus !
64%
46 C'est plus !
64%
120 C'est plus !
63%
28 C'est moins !
60%
29 C'est moins !
60%
-33 C'est moins !
60%
70 C'est plus !
60%
2/3 C'est plus !
58%
333 C'est plus !
58%
8 C'est plus !
57%
433 C'est plus !
55%
-1 C'est moins !
54%
203 C'est plus !
52%
129 C'est moins !
51%
-20 C'est moins !
48%
-955 C'est moins !
48%
38,5 C'est plus !
48%
1/3 C'est plus !
46%
392 C'est plus !
33%
-4,293 C'est moins !
31%
1,4940 C'est moins !
30%
70606 C'est plus !
27%
449 C'est moins !
25%
0,2 C'est moins !
25%
319 C'est moins !
25%
594 C'est plus !
25%
393939 C'est plus !
25%
-6,94 C'est moins !
24%
104 C'est moins !
24%
5997 C'est plus !
24%
73758 C'est plus !
21%
58 C'est plus !
19%
4939 C'est moins !
18%
182 C'est moins !
18%
9708 C'est moins !
15%
42 C'est moins !
15%
42 C'est moins !
13%
-395920 C'est moins !
13%
182 C'est moins !
12%
-494 C'est plus !
10%
-394 C'est plus !
7%
-172 C'est plus !
7%
-171 C'est plus !
7%
-171 C'est plus !
7%
1930405 C'est plus !
7%
-39593 C'est moins !
6%
171 C'est plus !
6%
603 C'est plus !
6%
28 C'est plus !
6%
606 C'est plus !
6%
67 C'est plus !
6%
2049 C'est plus !
6%
-604 C'est moins !
4%
69 C'est plus !
4%
49,3 C'est plus !
4%
103 C'est plus !
4%
√2 C'est plus !
4%
-8 C'est moins !
3%
0 C'est moins !
3%
-1 C'est moins !
3%
139,49600199411 C'est moins !
1%
3,141516171819 C'est moins !
1%
-2 C'est moins !
1%
58 C'est moins !
1%
42 C'est moins !
0%
Aucun quiz correspondant
Distribution des résultats
% des personnes avec chaque résultat
Percentile par nombre de réponses
Votre historique - résultats
Vous n’avez pas pris ce quiz